| 000 | 00758nam a2200229Ia 4500 | ||
|---|---|---|---|
| 003 | IN-BaIIA | ||
| 008 | 211028s9999 xx 000 0 eng d | ||
| 020 | _a0-8243-0943-x | ||
| 040 | _cIIA Library | ||
| 080 |
_a(05)52 _bANN-43 |
||
| 100 |
_aBlandford, Roger _929648 |
||
| 245 | 0 |
_aAnnual review of astronomy and astrophysics _bvol. 43 _cRoger Blandford…[et al.] |
|
| 260 |
_aPalo Alto _bAnnual Reviews _c2005 |
||
| 300 | _avii, 957p. | ||
| 650 | _aAstronomy and astrophysics thesaurus | ||
| 650 |
_aAstronomy-Periodicals _94087 |
||
| 650 |
_aAstrophysics-Periodicals _94088 |
||
| 700 |
_aBurbidge, Geoffrey _95542 |
||
| 700 |
_aDishoeck, Ewine Van _929649 |
||
| 700 |
_aKormendy, John _929650 |
||
| 942 | _cBK | ||
| 999 |
_c16035 _d16035 |
||